[Event "Saint Affrique op 20th"]
[Site "Saint Affrique"]
[Date "2012.07.24"]
[Round "5"]
[White "Lepeigneux, Jean Jacques"]
[Black "Rabier, Jean"]
[Result "1-0"]
[WhiteElo "1586"]
[BlackElo "1848"]
[PlyCount "57"]
[EventDate "2012.07.21"]
[EventType "swiss"]
[EventRounds "9"]
[EventCountry "FRA"]
[SourceTitle "CBM 149 Extra"]
[Source "ChessBase"]
[SourceDate "2012.08.24"]
[SourceVersion "1"]
[SourceVersionDate "2012.08.24"]
[SourceQuality "1"]

1. e4 c5 2. Nf3 a6 3. c3 e6 4. d4 Qc7 5. Nbd2 b5 6. Bd3 Bb7 7. 0-0 d6 8. e5 d5 9. Ng5 g6 10. f4 h6 11. Nxe6 fxe6 12. Bxg6+ Kd8 13. f5 Ne7 14. Qh5 Rg8 15. Qh4 Bc8 16. Bf7 Rh8 17. Qf6 Rh7 18. fxe6 Bg7 19. Qh4 Qb6 20. Bg8 cxd4 21. Rf7 dxc3+ 22. Kh1 Qxe6 23. Rxg7 Rxg7 24. Bxe6 cxd2 25. Bxd2 Bxe6 26. Qxh6 Rg6 27. Qf8+ Kd7 28. Bb4 Nec6 29. Qd6+ 1-0

[Event "Fouesnant op 14th"]
[Site "Fouesnant"]
[Date "2008.10.31"]
[Round "8"]
[White "Goy, Wilfried"]
[Black "Rabier, Jean"]
[Result "1/2-1/2"]
[WhiteElo "1946"]
[BlackElo "1913"]
[PlyCount "66"]
[EventDate "2008.10.25"]
[EventType "swiss"]
[EventRounds "9"]
[EventCountry "FRA"]
[SourceTitle "EXT 2009"]
[Source "ChessBase"]
[SourceDate "2008.11.26"]
[SourceVersion "1"]
[SourceVersionDate "2008.11.26"]
[SourceQuality "1"]

1. e4 c5 2. Nc3 Nc6 3. g3 g6 4. Bg2 Bg7 5. Nge2 e6 6. 0-0 Nge7 7. f4 d6 8. d3 Rb8 9. g4 f5 10. Ng3 0-0 11. Kh1 Kh8 12. Nce2 fxg4 13. Ng1 h5 14. h3 Ng8 15. c3 Qh4 16. Kh2 Nh6 17. Qe1 gxh3 18. Bxh3 e5 19. f5 gxf5 20. Nf3 Qe7 21. Bg5 Qe8 22. exf5 Nxf5 23. Ne4 d5 24. Nxc5 b6 25. Nb3 e4 26. dxe4 dxe4 27. Nh4 Be5+ 28. Bf4 Nxh4 29. Qxh4 Bxf4+ 30. Rxf4 Rxf4 31. Qxf4 Qe5 32. Rf1 Bxh3 33. Kxh3 Qxf4 1/2-1/2

[Event "Fouesnant op 13th"]
[Site "Fouesnant"]
[Date "2007.10.31"]
[Round "6"]
[White "Rabier, Jean"]
[Black "Serralta, Michel"]
[Result "0-1"]
[WhiteElo "1893"]
[BlackElo "2155"]
[PlyCount "84"]
[EventDate "2007.10.27"]
[EventType "swiss"]
[EventRounds "9"]
[EventCountry "FRA"]
[SourceTitle "EXT 2008"]
[Source "ChessBase"]
[SourceDate "2007.11.25"]
[SourceVersion "1"]
[SourceVersionDate "2007.11.25"]
[SourceQuality "1"]

1. e4 c5 2. Nf3 Nc6 3. Bb5 g6 4. c3 Nf6 5. d3 Bg7 6. h3 0-0 7. 0-0 e5 8. Bxc6 dxc6 9. Nxe5 Nxe4 10. dxe4 Bxe5 11. Be3 b6 12. Qe2 Qe7 13. Nd2 a5 14. Rfd1 Ba6 15. Qe1 Rae8 16. Bh6 Bg7 17. Bxg7 Kxg7 18. f3 Qg5 19. Nf1 Re5 20. Qg3 Qe7 21. Ne3 Bc8 22. Kh2 b5 23. Rd2 h5 24. Rad1 h4 25. Qf2 f5 26. Rd6 fxe4 27. f4 g5 28. f5 Bxf5 29. Nxf5+ Rexf5 30. Qe2 Qe5+ 31. Kg1 R5f6 32. Rd7+ Kg6 33. Ra7 R8f7 34. Ra8 Rf8 35. Ra7 R6f7 36. Ra6 Qe6 37. Qxb5 Rf6 38. Qxc5 e3 39. Rxa5 Rf5 40. Qd6 Rf1+ 41. Kh2 Qxd6+ 42. Rxd6+ R1f6 0-1

[Event "St Chely d'Aubrac op 7th"]
[Site "St Chely d'Aubrac"]
[Date "2007.07.18"]
[Round "6"]
[White "Rabier, Jean"]
[Black "Viennot, Dylan"]
[Result "1-0"]
[WhiteElo "1930"]
[BlackElo "1840"]
[PlyCount "145"]
[EventDate "2007.07.07"]
[EventType "swiss"]
[EventRounds "9"]
[EventCountry "FIN"]
[SourceTitle "EXT 2008"]
[Source "ChessBase"]
[SourceDate "2007.11.25"]
[SourceVersion "1"]
[SourceVersionDate "2007.11.25"]
[SourceQuality "1"]

1. e4 c5 2. Nf3 Nc6 3. Bb5 d6 4. 0-0 Bd7 5. c3 Nf6 6. Re1 a6 7. Ba4 b5 8. Bc2 Bg4 9. d3 e6 10. Be3 Be7 11. Nbd2 0-0 12. d4 c4 13. Qb1 e5 14. d5 Na5 15. h3 Bh5 16. Nh2 Nd7 17. f4 Bh4 18. Rc1 Bg3 19. f5 Bxh2+ 20. Kxh2 f6 21. g4 Bf7 22. Rg1 Kh8 23. Nf3 Nb7 24. Qe1 Bg8 25. Nh4 Qe8 26. g5 fxg5 27. Rxg5 Bf7 28. Qg3 Nf6 29. Rg1 Nc5 30. Bxc5 dxc5 31. Qg2 Rg8 32. Bd1 Bh5 33. Bxh5 Nxh5 34. Qf3 Nf4 35. Qg4 Qf8 36. Ng6+ Nxg6 37. Rxg6 Qf7 38. Re6 Rge8 39. h4 Rxe6 40. dxe6 Qf6 41. Qg5 Rd8 42. Qxf6 gxf6 43. Rd1 Re8 44. Rd7 Kg8 45. Kg3 a5 46. Kf3 a4 47. Ke2 Ra8 48. a3 b4 49. Rb7 bxa3 50. bxa3 Kf8 51. Rxh7 Ra6 52. Rc7 Rb6 53. Rxc5 Rb3 54. Rxc4 Rxa3 55. h5 Ra2+ 56. Kd3 a3 57. Ra4 Rh2 58. Rxa3 Rxh5 59. Kc4 Ke7 60. Kd5 Rh3 61. Ra7+ Ke8 62. Rf7 Rd3+ 63. Kc4 Re3 64. Rxf6 Rxe4+ 65. Kd5 Ra4 66. Kxe5 Rc4 67. Rh6 Kf8 68. f6 Kg8 69. e7 Rc8 70. Ke6 Rc6+ 71. Kd7 Re6 72. f7+ Kxf7 73. Rxe6 1-0

[Event "St Chely d'Aubrac op 7th"]
[Site "St Chely d'Aubrac"]
[Date "2007.07.17"]
[Round "5"]
[White "Gazel, Bruno"]
[Black "Rabier, Jean"]
[Result "1/2-1/2"]
[WhiteElo "1630"]
[BlackElo "1930"]
[PlyCount "47"]
[EventDate "2007.07.07"]
[EventType "swiss"]
[EventRounds "9"]
[EventCountry "FIN"]
[SourceTitle "EXT 2008"]
[Source "ChessBase"]
[SourceDate "2007.11.25"]
[SourceVersion "1"]
[SourceVersionDate "2007.11.25"]
[SourceQuality "1"]

1. e4 c5 2. Nf3 e6 3. d4 cxd4 4. Nxd4 a6 5. Nc3 d6 6. Be2 Nf6 7. 0-0 Be7 8. Be3 b5 9. a3 0-0 10. Kh1 Qc7 11. f4 Bb7 12. Bf3 Nbd7 13. Nde2 Rfd8 14. Qe1 Rac8 15. Qf2 Qb8 16. Rad1 Qa8 17. Ng3 Rf8 18. Bd4 Ne8 19. Nge2 Bf6 20. Bxf6 Ndxf6 21. Ng3 g6 22. Rfe1 h5 23. Nf1 Bc6 24. Rd3 1/2-1/2

[Event "St Chely d'Aubrac op 7th"]
[Site "St Chely d'Aubrac"]
[Date "2007.07.16"]
[Round "4"]
[White "Rabier, Jean"]
[Black "Heudre, Dominique"]
[Result "1/2-1/2"]
[WhiteElo "1930"]
[BlackElo "1720"]
[PlyCount "38"]
[EventDate "2007.07.07"]
[EventType "swiss"]
[EventRounds "9"]
[EventCountry "FIN"]
[SourceTitle "EXT 2008"]
[Source "ChessBase"]
[SourceDate "2007.11.25"]
[SourceVersion "1"]
[SourceVersionDate "2007.11.25"]
[SourceQuality "1"]

1. e4 e6 2. d4 d5 3. Be3 dxe4 4. Nd2 Nf6 5. f3 exf3 6. Ngxf3 Be7 7. Bd3 b6 8. 0-0 Bb7 9. c3 Nbd7 10. Qe2 Nf8 11. Ne5 Ng6 12. Ndf3 a6 13. Rad1 Bxf3 14. Qxf3 Qd5 15. Qh3 Nxe5 16. dxe5 Qxe5 17. Bf4 Qc5+ 18. Be3 Qe5 19. Kh1 Qh5 1/2-1/2

[Event "St Chely d'Aubrac op 6th"]
[Site "St Chely d'Aubrac"]
[Date "2006.07.18"]
[Round "5"]
[White "Rabier, Jean"]
[Black "Weck, Myriam"]
[Result "1-0"]
[WhiteElo "1972"]
[BlackElo "1803"]
[PlyCount "73"]
[EventDate "2006.07.15"]
[EventType "swiss"]
[EventRounds "9"]
[EventCountry "FRA"]
[SourceTitle "CBM 113 Extra"]
[Source "ChessBase"]
[SourceDate "2006.09.14"]
[SourceVersion "1"]
[SourceVersionDate "2006.09.14"]
[SourceQuality "1"]

1. e4 b6 2. d4 Bb7 3. f3 e6 4. Bd3 Nc6 5. Be3 Nf6 6. Nd2 d5 7. e5 Nd7 8. c3 Be7 9. Ne2 0-0 10. Qc2 h6 11. g4 Bh4+ 12. Ng3 Ncb8 13. Rc1 c5 14. Qb1 Nc6 15. a3 c4 16. Bc2 b5 17. Ke2 Nb6 18. f4 a5 19. f5 Bg5 20. Nf3 Bxe3 21. Kxe3 exf5 22. gxf5 f6 23. e6 b4 24. Rcg1 Qe8 25. Qf1 Bc8 26. Qh3 Ra7 27. Nh4 g5 28. Ng6 Rff7 29. Kd2 Rh7 30. Nh5 Qd8 31. Qe3 Rab7 32. Re1 b3 33. Bb1 Na4 34. Kc1 Rhg7 35. Nxg7 Kxg7 36. h4 Ne7 37. hxg5 1-0

[Event "St Chely d'Aubrac op 6th"]
[Site "St Chely d'Aubrac"]
[Date "2006.07.17"]
[Round "4"]
[White "Larand, Manuel"]
[Black "Rabier, Jean"]
[Result "1-0"]
[WhiteElo "2078"]
[BlackElo "1972"]
[PlyCount "75"]
[EventDate "2006.07.15"]
[EventType "swiss"]
[EventRounds "9"]
[EventCountry "FRA"]
[SourceTitle "CBM 113 Extra"]
[Source "ChessBase"]
[SourceDate "2006.09.14"]
[SourceVersion "1"]
[SourceVersionDate "2006.09.14"]
[SourceQuality "1"]

1. c4 e5 2. Nc3 Nf6 3. g3 Nc6 4. Bg2 Be7 5. e3 d6 6. Nge2 0-0 7. 0-0 Be6 8. Nd5 Bxd5 9. cxd5 Nb8 10. d4 Nbd7 11. dxe5 Nxe5 12. h3 Ng6 13. e4 Re8 14. Be3 Bf8 15. Nc3 Rc8 16. Qb3 b6 17. Bd4 Ne5 18. Rad1 Ned7 19. Qc2 g6 20. Rfe1 Bg7 21. Nb5 a6 22. Na7 Ra8 23. Nc6 Qc8 24. Qc3 Nh5 25. Bxg7 Nxg7 26. b4 Ne5 27. Nxe5 Rxe5 28. f4 Re7 29. Kh2 Qe8 30. Qf6 Nh5 31. Qb2 a5 32. b5 a4 33. Rd4 Ra5 34. Bf1 f5 35. e5 dxe5 36. d6 cxd6 37. Rxd6 exf4 38. Bc4+ 1-0

[Event "St Chely d'Aubrac op 5th"]
[Site "St Chely d'Aubrac"]
[Date "2005.07.14"]
[Round "7"]
[White "Rabier, Jean"]
[Black "Lassis, Patrick"]
[Result "1/2-1/2"]
[WhiteElo "1985"]
[BlackElo "1710"]
[PlyCount "80"]
[EventDate "2005.07.09"]
[EventType "swiss"]
[EventRounds "9"]
[EventCountry "FRA"]
[SourceTitle "CBM 107 Extra"]
[Source "ChessBase"]
[SourceDate "2005.09.01"]
[SourceVersion "1"]
[SourceVersionDate "2005.09.01"]
[SourceQuality "1"]

1. d4 Nf6 2. Nc3 d5 3. e4 dxe4 4. f3 e3 5. Bxe3 e6 6. Bd3 Bb4 7. Nge2 Nd5 8. Qd2 Nxe3 9. Qxe3 Nc6 10. 0-0 0-0 11. f4 Bxc3 12. bxc3 f5 13. Rf3 Rf6 14. Rh3 Bd7 15. Rf1 Ne7 16. c4 Bc6 17. Ng3 Qd7 18. c3 Raf8 19. Re1 R8f7 20. Bf1 Nc8 21. Nh1 Nd6 22. Nf2 Ne4 23. Nd3 Qe8 24. Ne5 Rf8 25. Be2 Nd6 26. Bf3 Bxf3 27. Qxf3 Ne4 28. Rxe4 fxe4 29. Qxe4 g6 30. g3 Qa4 31. Qe2 Qa3 32. Qc2 Qe7 33. Ng4 Rf5 34. Nh6+ Kg7 35. Nxf5+ Rxf5 36. Qe4 Ra5 37. d5 Qc5+ 38. Kf1 Rxa2 39. Qe5+ Kg8 40. Qxe6+ Kg7 1/2-1/2

[Event "St Chely d'Aubrac op 4th"]
[Site "St Chely d'Aubrac"]
[Date "2004.07.24"]
[Round "9"]
[White "Tholey, Jean Paul"]
[Black "Rabier, Jean"]
[Result "1-0"]
[WhiteElo "2057"]
[BlackElo "1870"]
[PlyCount "85"]
[EventDate "2004.07.17"]
[EventType "swiss"]
[EventRounds "9"]
[EventCountry "FRA"]
[SourceTitle "CBM 101 Extra"]
[Source "ChessBase"]
[SourceDate "2004.09.01"]
[SourceVersion "2"]
[SourceVersionDate "2004.09.01"]
[SourceQuality "1"]

1. d4 f5 2. e4 fxe4 3. Nc3 Nf6 4. Bg5 e6 5. Bxf6 Qxf6 6. Nxe4 Qh6 7. Bd3 Nc6 8. c3 b6 9. Nf3 Be7 10. Qe2 a5 11. 0-0 Bb7 12. Rad1 0-0 13. Ne5 Nxe5 14. dxe5 d6 15. exd6 cxd6 16. Ng3 Rae8 17. Qh5 Qxh5 18. Nxh5 g6 19. Ng3 d5 20. Bb5 Rd8 21. Rfe1 Bc5 22. Re2 Rf6 23. Ne4 Rdf8 24. Nxf6+ Rxf6 25. a3 e5 26. b4 Bd6 27. Ba4 axb4 28. axb4 e4 29. Bb3 Rf5 30. Rxe4 Kg7 31. Red4 Be5 32. R4d3 Ba6 33. Rxd5 Kf6 34. c4 Rg5 35. f3 Bb7 36. R5d3 h5 37. Ba4 h4 38. h3 Bf4 39. Bd7 Re5 40. Rd6+ Kg7 41. Bg4 Kh6 42. Re6 Rxe6 43. Bxe6 1-0

[Event "Paris Apsap op1"]
[Site "Paris"]
[Date "1993.??.??"]
[Round "4"]
[White "Gervasio, T."]
[Black "Rabier, Jean"]
[Result "1-0"]
[WhiteElo "2285"]
[BlackElo "1960"]
[PlyCount "57"]
[EventDate "1993.??.??"]
[EventType "swiss"]
[EventRounds "9"]
[EventCountry "FRA"]
[SourceTitle "EXT 2004"]
[Source "ChessBase"]
[SourceDate "2003.11.25"]
[SourceVersion "1"]
[SourceVersionDate "2003.11.25"]
[SourceQuality "1"]

1. d4 d5 2. c4 Bf5 3. cxd5 Bxb1 4. Qa4+ c6 5. Rxb1 Qxd5 6. Nf3 e6 7. b4 Nf6 8. e3 Ne4 9. Qc2 Nf6 10. Bc4 Qh5 11. 0-0 Be7 12. b5 c5 13. Ba3 0-0 14. Be2 Nbd7 15. Ne5 Qh6 16. Nxd7 Nxd7 17. Bf3 Rab8 18. Rb3 Rfc8 19. Rc3 b6 20. Bc6 Rc7 21. Bxd7 Rxd7 22. dxc5 bxc5 23. Bxc5 Bf6 24. Bxa7 Rbd8 25. Bd4 Bxd4 26. exd4 Rxd4 27. b6 Rd2 28. Rc8 Qf6 29. Qc7 1-0